000
00284nam a2200121Ia 4500
005
20251222154333.0
008
251222s9999||||xx |||||||||||||| ||spa||
020
_a
84-02-04272-4
082
_a
611/H76
100
_a
"Horrobin, David F."
245
0
_a
El organismo humano
942
_c
LIB
999
_c
34226
_d
34226